La Macedoine et l'hellenisme : etude historique et ethnologique

Αποθηκεύτηκε σε:
Λεπτομέρειες βιβλιογραφικής εγγραφής
Κύριος συγγραφέας: Κολοκοτρώνης, Βασίλειος
Μορφή: Βιβλίο
Γλώσσα:French
Δημοσίευση: Paris : Berger-Levrault, 1919
Θέματα:
Ετικέτες: Προσθήκη ετικέτας
Δεν υπάρχουν, Καταχωρήστε ετικέτα πρώτοι!

MARC

LEADER 00000cam a2200000 i 4500
001 1/6703
008 000616s1919 fre d
035 |l 10062025 
040 |a GR-MY-UA  |b gre  |e aacr 
041 0 |a fre 
082 0 |a 938.94 
100 1 |a Κολοκοτρώνης, Βασίλειος. 
245 1 3 |a La Macedoine et l'hellenisme :  |b etude historique et ethnologique /  |c V. Colocotronis 
260 |a Paris :   |b Berger-Levrault,   |c 1919 
300 |a 658 p.  |b maps 
500 |a Avec 24 planches ou cartes hors texte 
650 0 0 |a Ethnology  |z Greece  |z Macedonia. 
651 0 |a Macedonia  |x History. 
651 0 |a Macedonia  |x Ethnic relations. 
651 0 |a Greece  |x Relations  |z Bulgaria. 
651 0 |a Bulgaria  |x Relations  |z Greece. 
852 |a INST  |b LESVOS  |e 20000616  |h 938.94 ΚΟΛ  |p 005100023565  |q 005100023565  |t BK  |y 4  |x 20191011 
909 |a Λ  |b 044158 
970 |z 2000/06/ΟΙΚΟΝΟΜΟΠΟΥΛΟΥ ΧΡΙΣΤΙΝΑ